000
00227 a2200085 4500
020
_a
9781616892722
100
_a
BLAINE BROWNELL
245
_a
HYPERNATURAL ARCHITECRES NEW RELATIONSIP NATURE
260
_b
PRINCETON ARCHITECTURAL PRESS
999
_c
13076
_d
13076